Paroles "L'explorateur (final)" - Vaiana (Disney) - Statistiques

Statistiques générales
  • Ce quiz a été pris 2 fois
  • Le résultat moyen est 13 sur 43
Statistiques - réponses
Chanteur Paroles % Correct
de
100%
Et
100%
et
100%
la
100%
gardien
50%
histoire
50%
île
50%
Ancêtre Je
50%
je
50%
je
50%
Je
50%
Je
50%
Le
50%
le
50%
mémoire
50%
mes
50%
racontes
50%
sagesse
50%
savoir
50%
sur
50%
Tu
50%
beau
0%
choisis
0%
destin
0%
d'où
0%
Explorateur
0%
j'aille,
0%
Jamais
0%
légendes,
0%
mon
0%
mon
0%
mon
0%
n'oublie
0%
0%
plus
0%
prochain
0%
que
0%
reviendrai
0%
reviendrai
0%
sera
0%
transmets
0%
viens
0%
voyage
0%
Aucun quiz correspondant
Distribution des résultats
% des personnes avec chaque résultat
Percentile par nombre de réponses
Votre historique - résultats
Vous n’avez pas pris ce quiz